[Event "Welsh over 65s Championship"]
[Site "?"]
[Date "2025.09.26"]
[Round "1.1"]
[White "Varley, Peter"]
[Black "Van Kemenade, J.."]
[Result "1-0"]
[WhiteElo "2146"]
[BlackElo "1744"]
[WhiteFideId "-1"]
[PlyCount "41"]
[GameId "2226466674815060"]
[EventDate "2025.09.25"]

1. e4 d6 2. d4 Nf6 3. Nc3 c6 4. f4 Qa5 5. Bd3 e5 6. dxe5 dxe5 7. Nf3 Nbd7 8. O-O Bc5+ 9. Kh1 Ng4 10. Qe2 Bd6 11. Nh4 Ndf6 12. h3 exf4 13. Bxf4 Bxf4 14. Rxf4 Qg5 15. g3 Ne5 16. Nf5 O-O 17. h4 Qh5 18. Raf1 Bxf5 19. Rxf5 Qxe2 20. Bxe2 Rad8 21. Rxe5 1-0

[Event "Welsh over 65s Championship"]
[Site "?"]
[Date "2025.09.26"]
[Round "1.2"]
[White "White, Chris R"]
[Black "Lexton, Michael J"]
[Result "1/2-1/2"]
[Annotator "kemen"]
[WhiteElo "1725"]
[BlackElo "2039"]
[WhiteFideId "-1"]
[WhiteFideId "-1"]
[PlyCount "66"]
[GameId "2227770603105037"]
[EventDate "2025.09.25"]

{[%evp 0,20,16,23,31,49,37,29,36,65,48,29,50,34,28,58,23,32,25,33,37,27,54]} 1. d4 g6 2. c4 Bg7 3. Nc3 d6 4. e4 Nf6 5. h3 O-O 6. Nf3 e5 7. d5 a5 8. Bg5 h6 9. Be3 Na6 10. Bd3 b6 11. Qd2 Nc5 12. Bc2 h5 13. Bg5 Qe8 14. Nh4 Nh7 15. Be3 Qe7 16. g3 Bd7 17. Bd1 Bf6 18. Nf3 Bg7 19. Nh4 a4 20. Bf3 Bf6 21. Ng2 Ng5 22. Nh4 Rfb8 23. Bg2 Nh7 24. Nf3 Rf8 25. h4 Bg7 26. Ng5 f6 27. Nh3 f5 28. f3 fxe4 29. Nxe4 Nxe4 30. fxe4 Bg4 31. Nf2 Bf3 32. O-O Qd7 33. Kh2 Bxg2 1/2-1/2

[Event "Welsh over 65s Championship"]
[Site "?"]
[Date "2025.09.26"]
[Round "1.3"]
[White "Fletcher, John"]
[Black "Quinn, Peter"]
[Result "1-0"]
[WhiteElo "1990"]
[BlackElo "1713"]
[WhiteFideId "-1"]
[PlyCount "81"]
[GameId "2227774000918085"]
[EventDate "2025.09.25"]

1. d4 c5 2. d5 d6 3. e4 e5 4. Nc3 Nf6 5. Bb5+ Bd7 6. a4 Be7 7. Nge2 a6 8. Bxd7+ Nbxd7 9. Ng3 O-O 10. h4 Re8 11. h5 Nb6 12. Nf5 Bf8 13. g4 g6 14. hxg6 fxg6 15. Nh6+ Bxh6 16. Bxh6 Re7 17. Bg5 Rf7 18. Qf3 Nbd7 19. Ra3 b5 20. axb5 axb5 21. Nxb5 Rxa3 22. Qxa3 Qb8 23. c4 Nxe4 24. Qe3 Nxg5 25. Qxg5 Nf6 26. f3 Nxd5 27. O-O Nf4 28. Kh2 h6 29. Qh4 Ne6 30. Kg3 Nd4 31. Qxh6 Nxb5 32. Qxg6+ Kf8 33. cxb5 e4 34. Qh6+ Ke7 35. Qg5+ Kd7 36. Qd5 Rxf3+ 37. Rxf3 exf3 38. Qf7+ Kd8 39. Qf8+ Kc7 40. Qxb8+ Kxb8 41. g5 1-0

[Event "Welsh over 65s championships"]
[Site "?"]
[Date "2025.09.26"]
[Round "1.4"]
[White "Morgan, David A"]
[Black "Van Kemenade, R.."]
[Result "1-0"]
[WhiteElo "1687"]
[BlackElo "1936"]
[WhiteFideId "-1"]
[WhiteFideId "-1"]
[PlyCount "67"]
[GameId "2226477809835712"]
[EventDate "2025.09.25"]

1. c4 e5 2. Nc3 Nc6 3. g3 f5 4. Bg2 Nf6 5. d3 h6 6. e3 d6 7. Nge2 g5 8. h4 g4 9. d4 e4 10. Nf4 Ne7 11. b3 c6 12. Bd2 d5 13. Bf1 h5 14. Rc1 Bh6 15. Ng2 Be6 16. c5 O-O 17. Be2 Ng6 18. b4 Bd7 19. Qc2 Ne8 20. a4 b6 21. O-O Nc7 22. Rb1 Ne6 23. Bd1 f4 24. Nxe4 f3 25. Nd6 Qf6 26. Nf4 Bxf4 27. exf4 Nxh4 28. gxh4 Qxh4 29. Qg6+ Ng7 30. Bc2 Bf5 31. Bxf5 Rxf5 32. Qxg7+ Kxg7 33. Nxf5+ Kf6 34. Nxh4 1-0

[Event "Welsh over 65s championships"]
[Site "?"]
[Date "2025.09.26"]
[Round "1.5"]
[White "Davis, Lee"]
[Black "Hurn, Robert Aj"]
[Result "1-0"]
[Annotator "kemen"]
[WhiteElo "1917"]
[BlackElo "1686"]
[PlyCount "147"]
[GameId "2227779767119834"]
[EventDate "2025.09.25"]

{[%evp 0,27,8,41,10,15,-37,17,-29,15,21,23,17,23,23,29,10,3,11,0,0,-11,6,-82,24,-8,-86,2,10,1]} 1. d4 Nf6 2. c4 e6 3. g3 d5 4. Bg2 Be7 5. Nf3 O-O 6. O-O dxc4 7. Qc2 a6 8. Qxc4 b5 9. Qc2 Bb7 10. Bf4 Nc6 11. Rd1 Nd5 12. Nc3 Nxf4 13. gxf4 Nb4 14. Qb1 g6 15. e4 Bf6 16. a3 Nc6 17. e5 Bg7 18. Ne4 Na5 19. Nc5 Bd5 20. Ne1 c6 21. Qd3 Qh4 22. Qc3 Nc4 23. Bxd5 cxd5 24. Ng2 Qg4 25. b3 Nb6 26. Rac1 Bh6 27. Qg3 Qxg3 28. fxg3 Rfc8 29. Ne3 Bf8 30. Kf2 Be7 31. Rc2 Bxc5 32. Rxc5 Nd7 33. Rcc1 Kf8 34. Ke2 Ke7 35. Kd2 Kd8 36. Rxc8+ Rxc8 37. Rc1 h5 38. Rxc8+ Kxc8 {(=)} 39. g4 hxg4 40. Nxg4 Kd8 41. Ne3 a5 42. Nd1 Kc7 43. Nc3 Kc6 44. a4 bxa4 45. Nxa4 Kb5 46. Kc3 Kc6 47. Nb2 Kb5 48. Nd3 Kc6 49. Nf2 f5 50. Nh3 Nf8 51. Ng5 Kb5 52. Nf7 Kb6 53. Kb2 Nd7 54. Ka3 Nf8 55. Ka4 Nd7 56. h4 Nf8 57. Nd6 Nd7 58. Nc8+ Ka6 59. Ne7 Nf8 60. Nc6 Nd7 61. Nxa5 Nb6+ 62. Kb4 Nd7 63. Nc6 Kb6 64. Nd8 Nf8 65. Ka4 Kc7 66. Nf7 Kb6 67. b4 Ka6 68. b5+ Kb6 69. Kb4 Nd7 70. Nh8 Nf8 71. Ka4 Ka7 72. Ka5 Kb7 73. Nf7 Nd7 74. Nd8+ 1-0

[Event "Welsh over 65s championships"]
[Site "?"]
[Date "2025.09.26"]
[Round "1.6"]
[White "Jones, JeremyJ"]
[Black "Thomas, Mark"]
[Result "0-1"]
[Annotator "kemen"]
[WhiteElo "1670"]
[BlackElo "1884"]
[WhiteFideId "-1"]
[PlyCount "54"]
[GameId "2227788188382580"]
[EventDate "2025.09.25"]

{[%evp 0,19,8,14,36,63,46,44,42,36,29,39,44,61,48,78,47,44,49,9,32,-106]} 1. d4 g6 2. e4 Bg7 3. Nf3 d6 4. Be2 Nf6 5. Nc3 O-O 6. O-O a6 7. a4 Nc6 8. d5 Nb4 9. h3 c6 10. Na2 Nxa2 11. Rxa2 Nxe4 12. dxc6 bxc6 13. Bd3 Nc5 14. Be2 e5 15. Be3 Ne6 16. c4 f5 17. a5 f4 18. Bb6 Qe7 19. Qc2 Bb7 20. Rd1 c5 21. Nd2 Nd4 22. Qd3 e4 23. Nxe4 Bxe4 24. Qd2 f3 25. gxf3 Bxf3 26. Re1 Bxe2 27. Rxe2 Nxe2+ 0-1

[Event "Welsh over 65s championships"]
[Site "?"]
[Date "2025.09.26"]
[Round "1.7"]
[White "Havard, Gwyn"]
[Black "Williams, Ron"]
[Result "1-0"]
[Annotator "kemen"]
[WhiteElo "1816"]
[BlackElo "1659"]
[WhiteFideId "-1"]
[PlyCount "61"]
[GameId "2227790210066497"]
[EventDate "2025.09.25"]

1. e4 e6 2. d4 d5 3. exd5 exd5 4. Bd3 Nf6 5. Ne2 Be7 6. Bf4 Be6 7. Nd2 Nbd7 8. Nf3 h6 9. c3 c6 10. Qc2 Nh5 11. h3 Nxf4 12. Nxf4 Nf8 13. O-O Bd6 14. Nh5 Rg8 15. Bh7 Nxh7 16. Qxh7 Kf8 17. Rfe1 Qc8 18. Qd3 Bf5 19. Qe3 Qe6 20. Ne5 Re8 21. Nf4 Qc8 22. Qg3 g6 23. Re3 Bxe5 24. dxe5 Re7 25. Rae1 Qe8 26. Qh4 Kg7 27. Qf6+ Kh7 28. g4 Be6 29. g5 Bf5 30. gxh6 Kxh6 31. Rg3 {time} 1-0

[Event "Welsh over 65s championships"]
[Site "?"]
[Date "2025.09.26"]
[Round "1.8"]
[White "White, Sam"]
[Black "Thomas, Roy"]
[Result "0-1"]
[WhiteElo "1647"]
[BlackElo "1788"]
[PlyCount "104"]
[GameId "2227793936722006"]
[EventDate "2025.09.25"]

1. d4 f5 2. Nf3 Nf6 3. Bf4 e6 4. Nbd2 Be7 5. h3 b6 6. e3 Bb7 7. Bd3 O-O 8. O-O d6 9. Bc4 d5 10. Be2 c5 11. Ne5 Ne4 12. Nxe4 fxe4 13. Bg4 Qc8 14. c3 Nc6 15. Nxc6 Bxc6 16. Bg3 Bd7 17. Be5 Bf6 18. Bg3 Qe8 19. Bd6 Be7 20. dxc5 bxc5 21. Be5 Qc8 22. Qd2 Bf6 23. Bg3 Qc6 24. Rfd1 Rad8 25. a4 Bc8 26. Be2 a6 27. f4 Bb7 28. Qc2 Rfe8 29. c4 d4 30. Bf1 d3 31. Qb3 g6 32. Rd2 Ba8 33. Rb1 Rb8 34. Qa2 a5 35. Be1 Red8 36. Rf2 Qb6 37. g3 Bc6 38. b3 Rd7 39. Qd2 Ra7 40. Qa2 Rab7 41. g4 Bh4 42. f5 Bxf2+ 43. Qxf2 exf5 44. gxf5 Rf7 45. Qg3 Rxf5 46. Bxa5 Qb7 47. Bc3 Rbf8 48. Qd6 Qd7 49. Qxd7 Bxd7 50. a5 Rf3 51. Be5 d2 52. Bd6 Rxf1+ 0-1

[Event "Welsh over 65s championships"]
[Site "?"]
[Date "2025.09.26"]
[Round "1.9"]
[White "Dixon, Chris"]
[Black "Williams, Stephen"]
[Result "1/2-1/2"]
[Annotator "kemen"]
[WhiteElo "1787"]
[BlackElo "1636"]
[PlyCount "41"]
[GameId "2227798421284959"]
[EventDate "2025.09.25"]

1. e4 c5 2. Nc3 Nc6 3. g3 g6 4. Bg2 Bg7 5. d3 d6 6. f4 e6 7. Nf3 Nge7 8. O-O O-O 9. Be3 b6 10. d4 Ba6 11. Re1 Qc7 12. a4 Rad8 13. Nb5 Qb8 14. c3 Bb7 15. Bf2 a6 16. Na3 Qc7 17. Rc1 Na5 18. b4 Nac6 19. Qe2 Nb8 20. b5 a5 21. Red1 {(=)} 1/2-1/2

[Event "Welsh over 65s championships"]
[Site "?"]
[Date "2025.09.27"]
[Round "2.1"]
[White "Havard, Gwyn"]
[Black "Varley, Peter"]
[Result "0-1"]
[WhiteElo "1816"]
[BlackElo "2146"]
[PlyCount "86"]
[GameId "2227799719725156"]
[EventDate "2025.09.25"]

1. e4 e5 2. Nf3 Nc6 3. Bc4 Bc5 4. c3 Nf6 5. d4 exd4 6. e5 d5 7. Bb3 Ne4 8. cxd4 Bb4+ 9. Bd2 Nxd2 10. Nbxd2 O-O 11. O-O Bg4 12. h3 Bh5 13. g4 Bg6 14. a3 Ba5 15. Bc2 Bxc2 16. Qxc2 Bb6 17. Qd3 f6 18. Rae1 fxe5 19. dxe5 Rf4 20. e6 Qf6 21. Qxd5 Ne7 22. Qxb7 Rf8 23. Ne4 Rxe4 24. Qxe4 Qxf3 25. Qxf3 Rxf3 26. Kg2 Rd3 27. Re2 g6 28. f4 Kg7 29. f5 gxf5 30. gxf5 Kf6 31. Re4 Rd2+ 32. Kg3 Bc5 33. b4 Bd6+ 34. Kg4 Rg2+ 35. Kh5 Rg5+ 36. Kh6 Nxf5+ 37. Kxh7 Rg7+ 38. Kh8 Re7 39. h4 Be5 40. h5 Kxe6+ 41. Kg8 Rg7+ 42. Kf8 Rf7+ 43. Ke8 Nd6+ 0-1

[Event "Welsh over 65s championships"]
[Site "?"]
[Date "2025.09.27"]
[Round "2.2"]
[White "Thomas, Roy"]
[Black "Fletcher, John"]
[Result "0-1"]
[Annotator "kemen"]
[WhiteElo "1788"]
[BlackElo "1990"]
[WhiteFideId "-1"]
[PlyCount "63"]
[GameId "2227827419613407"]
[EventDate "2025.09.25"]

{[%evp 0,18,21,-22,-43,-25,-13,-17,-18,11,-27,-26,-18,-40,-36,-59,21,-41,-37,-46,-51]} 1. f4 d5 2. e3 Nf6 3. Nf3 g6 4. Be2 c5 5. O-O Bg7 6. d3 O-O 7. Nc3 Nc6 8. e4 d4 9. Na4 b6 10. Bd2 Ng4 11. h3 Ne3 12. Bxe3 dxe3 13. Nc3 e5 14. f5 gxf5 15. exf5 Bxf5 16. Nxe5 Nd4 17. Bg4 Bg6 18. Nxg6 fxg6 19. Bf3 Nxf3+ 20. Rxf3 Qd4 21. Qe2 Rxf3 22. gxf3 Re8 23. Rb1 Qh4 24. Kg2 Qg5+ 25. Kh1 Qh4 26. Kg2 Bxc3 27. bxc3 Re5 28. Rh1 Rg5+ 29. Kf1 Qg3 30. d4 Rf5 31. Qc4+ Kg7 32. dxc5 0-1

[Event "Welsh over 65s championships"]
[Site "?"]
[Date "2025.09.27"]
[Round "2.3"]
[White "Watkins, Peter"]
[Black "Davis, Lee"]
[Result "0-1"]
[WhiteElo "1599"]
[BlackElo "1917"]
[WhiteFideId "-1"]
[PlyCount "66"]
[GameId "2227841898191121"]
[EventDate "2025.09.25"]

1. e4 g6 2. d4 d6 3. Nf3 Bg7 4. Nc3 Nf6 5. Be2 O-O 6. O-O Bg4 7. Be3 Nc6 8. Qd2 e5 9. dxe5 dxe5 10. Qxd8 Rfxd8 11. h3 Bxf3 12. Bxf3 Nd4 13. Bxd4 exd4 14. Ne2 Nd7 15. Rad1 Ne5 16. b3 Rd6 17. Nf4 Rc6 18. Nd3 Nxf3+ 19. gxf3 Rxc2 20. Rc1 Rc3 21. Rfd1 Re8 22. Rxc3 dxc3 23. Nb4 a5 24. Nc2 Bf6 25. Rd7 Re7 26. Rxe7 Bxe7 27. Kf1 b5 28. Ke2 b4 29. f4 Bc5 30. f3 Kf8 31. Kd3 Ke7 32. Kc4 Kd6 33. e5+ Kc6 0-1

[Event "Welsh over 65s championships"]
[Site "?"]
[Date "2025.09.27"]
[Round "2.4"]
[White "Thomas, Mark"]
[Black "Morgan, David A"]
[Result "1/2-1/2"]
[WhiteElo "1884"]
[BlackElo "1687"]
[WhiteFideId "-1"]
[PlyCount "81"]
[GameId "2227843855194391"]
[EventDate "2025.09.25"]

1. e4 c5 2. Nc3 g6 3. f4 Nc6 4. Nf3 Bg7 5. Bb5 Nd4 6. O-O a6 7. Bd3 d6 8. Nxd4 cxd4 9. Ne2 Qb6 10. b3 f5 11. Ng3 fxe4 12. Nxe4 Nf6 13. Nxf6+ Bxf6 14. Bb2 Bf5 15. Qf3 Qc6 16. Bxf5 Qxf3 17. Bxg6+ hxg6 18. Rxf3 Rc8 19. Rc1 Kd7 20. Rd3 e5 21. fxe5 dxe5 22. c3 e4 23. Rg3 Be5 24. Rh3 Rxh3 25. gxh3 e3 26. dxe3 dxc3 27. Ba1 a5 28. a3 b5 29. b4 a4 30. Kf2 Ke6 31. e4 c2 32. Bxe5 Kxe5 33. Ke3 Rc3+ 34. Kd2 Rxh3 35. Kxc2 Rxh2+ 36. Kb1 Kxe4 37. Rc5 Rh5 38. Rc6 Rg5 39. Kc2 Rg2+ 40. Kb1 Rg5 41. Kc2 1/2-1/2

[Event "Welsh over 65s championships"]
[Site "?"]
[Date "2025.09.27"]
[Round "2.5"]
[White "Lexton, Michael J"]
[Black "Dixon, Chris"]
[Result "1/2-1/2"]
[WhiteElo "2039"]
[BlackElo "1787"]
[WhiteFideId "-1"]
[PlyCount "91"]
[GameId "2227849454898002"]
[EventDate "2025.09.25"]

1. e4 d5 2. exd5 Qxd5 3. Nc3 Qd8 4. d4 Nf6 5. Nf3 Bg4 6. h3 Bxf3 7. Qxf3 c6 8. Be3 e6 9. Bc4 Nbd7 10. O-O Bd6 11. Rfe1 O-O 12. Rad1 Rc8 13. Bg5 Be7 14. Bb3 Re8 15. Nb1 Nd5 16. Bxe7 Nxe7 17. c4 Nf6 18. Nc3 Qc7 19. Bc2 Ng6 20. g3 Rcd8 21. h4 Nf8 22. g4 h6 23. Kg2 Ng6 24. Bxg6 fxg6 25. g5 hxg5 26. hxg5 Nh5 27. Qe4 Qe7 28. f4 Rf8 29. Rf1 Rf5 30. Rd2 Rxg5+ 31. Kf3 Rf5 32. Ne2 Qf7 33. Ke3 Rf8 34. Kd3 Nxf4+ 35. Rxf4 Rxf4 36. Nxf4 Qxf4 37. Qxf4 Rxf4 38. Re2 Rf6 39. b4 Kf7 40. a4 g5 41. b5 cxb5 42. axb5 Kg6 43. Ra2 b6 44. Rxa7 g4 45. c5 g3 46. Ra1 1/2-1/2

[Event "Welsh over 65s championships"]
[Site "?"]
[Date "2025.09.27"]
[Round "2.6"]
[White "Williams, Stephen"]
[Black "White, Chris R"]
[Result "0-1"]
[WhiteElo "1636"]
[BlackElo "1725"]
[WhiteFideId "-1"]
[PlyCount "67"]
[GameId "2227854737382304"]
[EventDate "2025.09.25"]

1. e4 g6 2. Nc3 Bg7 3. Bc4 d6 4. f4 Nf6 5. d3 O-O 6. Nf3 c6 7. O-O b5 8. Bb3 Nbd7 9. a3 Nc5 10. Ba2 Be6 11. Bxe6 Nxe6 12. Qe1 Qb6+ 13. Be3 c5 14. h3 Nd4 15. Bxd4 cxd4 16. Ne2 Nd7 17. Qf2 e5 18. fxe5 dxe5 19. Ng3 Bh6 20. Qe2 Be3+ 21. Kh2 Bf4 22. Ne1 h5 23. Rf3 h4 24. Rxf4 hxg3+ 25. Kxg3 exf4+ 26. Kxf4 Qd6+ 27. Kf3 Qf6+ 28. Kg3 Qe5+ 29. Kf2 Qf4+ 30. Nf3 Ne5 31. Kg1 Nxf3+ 32. Qxf3 Qxf3 33. gxf3 Rac8 34. Rc1 0-1

[Event "Welsh over 65 Championship"]
[Site "Cardiff"]
[Date "2025.09.27"]
[Round "2.7"]
[White "Van Kemenade, R.."]
[Black "Hurn, Robert Aj"]
[Result "1-0"]
[WhiteElo "1935"]
[BlackElo "1686"]
[WhiteFideId "-1"]
[PlyCount "67"]
[GameId "2226652343255107"]
[EventDate "2025.??.??"]

{[%evp 0,67,16,10,20,28,14,59,12,11,9,12,-4,10,12,0,15,11,-64,1,-1,-4,0,11,2,14,21,29,23,20,53,59,47,50,9,57,157,156,170,158,183,128,275,190,322,237,510,217,182,223,322,269,458,476,505,500,725,552,793,634,803,723,861,949,996,989,1017,1033,1085,1077]} 1. e4 c5 2. Nf3 d6 3. Bb5+ Bd7 4. Bxd7+ Qxd7 5. O-O Nf6 6. Qe2 Nc6 7. c3 e6 8. Rd1 Be7 9. d4 cxd4 10. cxd4 d5 11. e5 Ne4 12. Ne1 h5 13. f3 Ng5 14. Nc3 a6 15. f4 Ne4 16. Nxe4 dxe4 17. Qxe4 Qd5 18. Qxd5 exd5 19. Be3 Kd7 20. Nd3 b6 21. Rac1 Rac8 22. f5 Nb4 23. Nf4 Rxc1 24. Bxc1 Kc6 25. a3 Na2 26. Be3 h4 27. Ra1 Nb4 28. axb4 Bxb4 29. Rc1+ Kb5 30. Nxd5 Rh5 31. Nxb4 Kxb4 32. e6 fxe6 33. fxe6 Rh8 34. d5 1-0

[Event "Welsh over 65s Championship"]
[Site "?"]
[Date "2025.09.27"]
[Round "2.8"]
[White "Van Kemenade, J.."]
[Black "Jones, Jeremy"]
[Result "1/2-1/2"]
[WhiteElo "1744"]
[BlackElo "1670"]
[WhiteFideId "-1"]
[PlyCount "43"]
[GameId "2227467476714148"]
[EventDate "2025.09.28"]

1. e4 c5 2. Nc3 Nc6 3. f4 g6 4. Nf3 Bg7 5. Be2 e6 6. d3 Nge7 7. O-O O-O 8. Be3 Nd4 9. Qd2 b5 10. Nd1 b4 11. Bxd4 cxd4 12. Qxb4 Nc6 13. Qd2 Rb8 14. c3 d5 15. e5 dxc3 16. Nxc3 Qb6+ 17. Kh1 Qxb2 18. Rfb1 Qxd2 19. Nxd2 Ba6 20. d4 Bxe2 21. Nxe2 Rfc8 22. Nb3 1/2-1/2

[Event "Welsh over 65s Championship"]
[Site "?"]
[Date "2025.09.27"]
[Round "2.9"]
[White "Quinn, Peter"]
[Black "White, Sam"]
[Result "1-0"]
[WhiteElo "1713"]
[BlackElo "1647"]
[PlyCount "31"]
[GameId "2227857006594982"]
[EventDate "2025.09.28"]

1. e4 e5 2. Nf3 d6 3. d4 Bg4 4. Bc4 Bxf3 5. Qxf3 Qf6 6. Qb3 Nd7 7. Qxb7 Qd8 8. Qd5 Qc8 9. Qxf7+ Kd8 10. Bg5+ Ngf6 11. dxe5 dxe5 12. Nc3 Bb4 13. Rd1 Bd6 14. Qxg7 Rf8 15. Nd5 Rg8 16. Bxf6+ 1-0

[Event "Welsh over 65s Championship"]
[Site "?"]
[Date "2025.09.27"]
[Round "3.1"]
[White "Varley, Peter"]
[Black "Fletcher, John"]
[Result "1-0"]
[Annotator "kemen"]
[WhiteElo "2146"]
[BlackElo "1990"]
[WhiteFideId "-1"]
[PlyCount "63"]
[GameId "2227859742718952"]
[EventDate "2025.09.28"]

{[%evp 0,14,20,16,16,19,19,15,20,6,2,17,11,12,72,66,92]} 1. d4 Nf6 2. c4 e6 3. Nc3 d5 4. cxd5 exd5 5. Bg5 Nbd7 6. e3 c5 7. Nf3 Qa5 8. Bxf6 Nxf6 9. Bb5+ Bd7 10. Bxd7+ Nxd7 11. dxc5 Nf6 12. Qa4+ Qxa4 13. Nxa4 b5 14. cxb6 axb6 15. Nc3 Bb4 16. O-O Bxc3 17. bxc3 Ke7 18. Rfb1 Rhc8 19. Rxb6 Rxc3 20. Rb7+ Ke8 21. g3 Rc2 22. a4 Ra5 23. Nd4 Rc4 24. Nf5 Rcxa4 25. Rxa4 Rxa4 26. Nxg7+ Kf8 27. Nf5 Re4 28. Nd6 Re7 29. Rb8+ Ne8 30. Rd8 Re6 31. Nxe8 Rxe8 32. Rxd5 1-0

[Event "Welsh over 65s Championship"]
[Site "?"]
[Date "2025.09.27"]
[Round "3.2"]
[White "Davis, Lee"]
[Black "Thomas, Mark"]
[Result "0-1"]
[Annotator "kemen"]
[WhiteElo "1917"]
[BlackElo "1884"]
[PlyCount "86"]
[GameId "2227861897460779"]
[EventDate "2025.09.28"]

{[%evp 0,24,24,19,34,10,13,24,35,21,29,26,33,18,50,16,37,-70,28,39,71,32,34,3,84,-4,67]} 1. d4 g6 2. g3 Nf6 3. Bg2 Bg7 4. Nf3 O-O 5. c4 d6 6. O-O Nc6 7. Nc3 e5 8. d5 Nb8 9. e4 a5 10. h3 Na6 11. Ne1 Nd7 12. Be3 Nac5 13. Nd3 b6 14. Nxc5 Nxc5 15. Rc1 f5 16. Qd2 Nxe4 17. Nxe4 fxe4 18. h4 Rf3 19. Qe2 Rf7 20. Bxe4 Bh3 21. Bg2 Qd7 22. Kh2 Bxg2 23. Kxg2 e4 24. Rcd1 Re8 25. Bd4 Qf5 26. Bxg7 Qf3+ 27. Qxf3 exf3+ 28. Kg1 Kxg7 29. Rfe1 Rfe7 30. Rxe7+ Rxe7 31. Rd3 Re1+ 32. Kh2 Re2 33. Rxf3 Rxb2 34. a3 Rc2 35. Rf4 h6 36. Kg2 Rc3 37. a4 g5 38. hxg5 hxg5 39. Re4 Kf6 40. f3 Ra3 41. Re6+ Kf7 42. Re4 Rxa4 43. Kh3 b5 0-1

[Event "Welsh over 65s Championship"]
[Site "?"]
[Date "2025.09.27"]
[Round "3.3"]
[White "White, Chris R"]
[Black "Morgan, David A"]
[Result "1/2-1/2"]
[WhiteElo "1725"]
[BlackElo "1687"]
[WhiteFideId "-1"]
[WhiteFideId "-1"]
[PlyCount "56"]
[GameId "2227864894451470"]
[EventDate "2025.09.28"]

1. d4 c5 2. d5 g6 3. c4 Nf6 4. Nc3 Bg7 5. e4 d6 6. f4 O-O 7. Nf3 e6 8. Be2 exd5 9. cxd5 a6 10. a4 Bg4 11. O-O Bxf3 12. Bxf3 Nbd7 13. Be3 Qe7 14. Qe2 Rfe8 15. Qf2 h5 16. Rae1 Qf8 17. Re2 b5 18. axb5 axb5 19. Nxb5 Nxe4 20. Bxe4 Rxe4 21. Nc3 Rxe3 22. Rxe3 Bd4 23. Ne2 Bxe3 24. Qxe3 Re8 25. Qd3 Qe7 26. Nc3 Qe3+ 27. Qxe3 Rxe3 28. Kf2 Rd3 1/2-1/2

[Event "Welsh over 65s Championship"]
[Site "?"]
[Date "2025.09.27"]
[Round "3.4"]
[White "Quinn, Peter"]
[Black "Lexton, Michael J"]
[Result "0-1"]
[WhiteElo "1713"]
[BlackElo "2039"]
[WhiteFideId "-1"]
[PlyCount "30"]
[GameId "2227868312822722"]
[EventDate "2025.09.28"]

1. e4 g6 2. d4 Bg7 3. Be3 d6 4. Nc3 a6 5. Qd2 b5 6. a3 Bb7 7. Be2 Nd7 8. b4 Ngf6 9. f3 h6 10. Rd1 c6 11. h4 h5 12. Nh3 Qc7 13. Kf2 c5 14. Bg5 cxd4 15. Qxd4 Ng4+ 0-1

[Event "Welsh over 65s Championship"]
[Site "?"]
[Date "2025.09.27"]
[Round "3.5"]
[White "Williams, Ron"]
[Black "Van Kemenade, R.."]
[Result "0-1"]
[Annotator "kemen"]
[WhiteElo "1659"]
[BlackElo "1935"]
[WhiteFideId "-1"]
[WhiteFideId "-1"]
[PlyCount "69"]
[GameId "2226965717779102"]
[EventDate "2025.09.28"]

1. d4 Nf6 2. Nf3 g6 3. e3 Bg7 4. Bd3 d6 5. Nbd2 O-O 6. O-O Nc6 7. Re1 e5 8. c3 Re8 9. e4 Nh5 10. d5 Ne7 11. Nf1 h6 12. Bc2 Nf4 13. g3 Nh5 14. Kg2 Nf6 15. Be3 Rf8 16. Qd2 Ng4 17. h3 Nxe3+ 18. Nxe3 f5 19. exf5 gxf5 20. Nf1 Qe8 21. N1h2 Kh8 22. Nh4 Ng6 23. N2f3 Rg8 24. Nxg6+ Qxg6 25. Nh4 Qf6 26. f4 e4 27. Re3 Bf8 28. Kh2 Bd7 29. Rg1 Be7 30. Ng2 Rg7 31. Re2 Rag8 32. Ne3 Be8 33. Reg2 c6 34. Bb3 c5 35. c4 {time} 0-1

[Event "Welsh over 65s Championship"]
[Site "?"]
[Date "2025.09.27"]
[Round "3.6"]
[White "Dixon, Chris"]
[Black "Havard, Gwyn"]
[Result "1/2-1/2"]
[WhiteElo "1787"]
[BlackElo "1816"]
[PlyCount "129"]
[GameId "2227870449161487"]
[EventDate "2025.09.28"]

1. Nf3 d5 2. d4 Bf5 3. e3 e6 4. Bd3 Ne7 5. O-O g6 6. h3 Bg7 7. c3 O-O 8. Qe2 Nd7 9. Nbd2 c5 10. e4 dxe4 11. Bxe4 Qc7 12. Bxf5 Nxf5 13. dxc5 Nxc5 14. Ne4 Rfd8 15. Bg5 Ne7 16. Qc4 Rd5 17. b4 b5 18. Qe2 Nxe4 19. Qxe4 h6 20. Bxe7 Qxe7 21. Nd4 Rc8 22. Rac1 Rc4 23. Qe3 a6 24. Rfd1 Qd6 25. Qf3 Bxd4 26. cxd4 Rdxd4 27. a3 Kg7 28. Qe2 Qf4 29. Rxc4 Rxd1+ 30. Qxd1 bxc4 31. Qc2 Qd4 32. a4 Qa1+ 33. Kh2 c3 34. Qd3 Qe1 35. Qd4+ e5 36. Qc5 g5 37. b5 axb5 38. axb5 Qd2 39. b6 c2 40. b7 c1=Q 41. Qxc1 Qxc1 42. b8=Q Qf4+ 43. Kg1 e4 44. Qb2+ Qf6 45. Qb7 Qe5 46. Qb6 f6 47. Qb7+ Kg6 48. Qc8 Qe7 49. Qc2 f5 50. Qb3 f4 51. Qg8+ Kh5 52. Qd5 e3 53. Qf3+ Kg6 54. Kf1 exf2 55. Kxf2 Qc5+ 56. Kf1 Qc1+ 57. Kf2 Qd2+ 58. Kf1 Kf5 59. Qg4+ Ke5 60. Qf3 Qe3 61. Qh5 Qb6 62. Qe8+ Qe6 63. Qb5+ Kf6 64. Qb2+ Qe5 65. Qb6+ 1/2-1/2

[Event "Welsh over 65s Championship"]
[Site "?"]
[Date "2025.09.27"]
[Round "3.7"]
[White "Thomas, Roy"]
[Black "Watkins, Peter"]
[Result "1/2-1/2"]
[WhiteElo "1788"]
[BlackElo "1599"]
[WhiteFideId "-1"]
[PlyCount "43"]
[GameId "2227874415301908"]
[EventDate "2025.09.28"]

1. f4 Nf6 2. Nf3 d6 3. e3 Bg4 4. h3 Bxf3 5. Qxf3 c6 6. b3 Nbd7 7. Bb2 Qc7 8. c4 e5 9. d4 exd4 10. exd4 O-O-O 11. Bd3 Re8+ 12. Kf2 g6 13. Nd2 Bg7 14. b4 Re7 15. Rhe1 Rhe8 16. Rxe7 Rxe7 17. Rb1 d5 18. c5 Ne8 19. g4 Nf8 20. Nb3 Ne6 21. Re1 Nxf4 22. Rxe7 1/2-1/2

[Event "Welsh over 65s Championship"]
[Site "?"]
[Date "2025.09.27"]
[Round "3.8"]
[White "Jones, Jeremy J"]
[Black "Williams, Stephen"]
[Result "1-0"]
[WhiteElo "1670"]
[BlackElo "1636"]
[WhiteFideId "-1"]
[PlyCount "97"]
[GameId "2227875671860505"]
[EventDate "2025.09.28"]

1. d4 Nf6 2. c4 c5 3. dxc5 Na6 4. f3 Nxc5 5. e4 d6 6. Nc3 g6 7. Be3 b6 8. e5 dxe5 9. Qxd8+ Kxd8 10. b4 Ncd7 11. Nh3 h6 12. O-O-O Ke8 13. Nb5 Kd8 14. Nf2 e6 15. a3 Ke7 16. Nd6 Bg7 17. Nfe4 Nxe4 18. Nxe4 f5 19. Nd6 a6 20. Be2 Rd8 21. Rd2 Rb8 22. Nxc8+ Rdxc8 23. Rhd1 Nf6 24. Rd6 Nd5 25. R6xd5 exd5 26. Rxd5 Ke6 27. Rd1 Bf8 28. Kc2 b5 29. Kb3 bxc4+ 30. Bxc4+ Kf6 31. Bxa6 Rc6 32. Bc4 Rbc8 33. Rc1 f4 34. Bd2 Rd6 35. Bc3 Kf5 36. Re1 Bg7 37. b5 Rcd8 38. Be2 Rd5 39. a4 Rc8 40. Bc4 Rdc5 41. Re4 g5 42. a5 g4 43. Bb4 gxf3 44. gxf3 R5c7 45. b6 Rd7 46. a6 Rd4 47. Rxd4 exd4 48. Bd3+ Ke5 49. b7 1-0